Lebensläufe kulturschaffender Personen aus den ehemaligen polnischen Ostgebieten, die seit 1945 in Schlesien ein neues Lebensumfeld fanden

Titel: Lebensläufe kulturschaffender Personen aus den ehemaligen polnischen Ostgebieten, die seit 1945 in Schlesien ein neues Lebensumfeld fanden / von Gerhard Schiller
Verfasser:
In: Jahrbuch für schlesische Kultur und Geschichte, Band 57/58 (2016/2017 [2020]), Seite 305-420
alle Artikel anzeigen
Veröffentlicht: 2020
Umfang: Illustrationen
Format: Aufsatz
Sprache: Deutsch
Schlagworte:
Kein Bild verfügbar
X
alg: 53394678
001A    $03025:29-09-25 
001B    $03025:29-09-25 $t15:54:59.000 
001D    $03025:29-09-25 
001U    $0utf8 
001X    $00 
002@    $0Aou 
002C    $aText $btxt $2rdacontent 
002D    $aohne Hilfsmittel zu benutzen $bn $2rdamedia 
002E    $aBand $bnc $2rdacarrier 
003@    $0533946786 
010@    $ager 
010E    $erda 
011@    $a2020 
021A    $aLebensläufe kulturschaffender Personen aus den ehemaligen polnischen Ostgebieten, die seit 1945 in Schlesien ein neues Lebensumfeld fanden $hvon Gerhard Schiller 
028A    $BVerfasser $4aut $8Schiller, Gerhard$Z1969- [Tp3] $9446958204 
031A    $d57/58 $h305-420 $j2016/2017 [2020] 
034M    $aIllustrationen 
039B    $aEnthalten in $8--Abvc--. Jahrbuch für schlesische Kultur und Geschichte. - Würzburg : Stiftung Kulturwerk Schlesien, 2015-. - ISSN 2365-2667 $x201600000570000695 $9360247156 
044K    $RPolen $#Ostpolen $#Kresy Wschodnie $#Polen, Ost $74238028-5 $8Polnische Ostgebiete [Tg1] $9086247123 
044K    $RPolen $RNiederschlesien $ROberschlesien $RNiederschlesien $ROberschlesien $#Schlesien $#Schlesien $#Herzogtum Schlesien $#Herzogtum Schlesien Schlesien $#Provinz Schlesien $#Śla̜sk $#Slezsko $#Silesia $74052678-1 $8Schlesien [Tg1] $9085146781 
044K    $RKulturberuf $RKulturschaffende $71217352384 $8Kulturschaffender [Ts1] $9469061898 
044K    $RIntegration $RAssimilation $#Social integration $#Intégration sociale $#Integrazione sociale $#Soziale Integration $#soziale Integration $#Soziale Integration $#Gesellschaftliche Integration $#Soziale Eingliederung $74077570-7 $8Soziale Integration [Ts1] $9085219835 
045F    $a306.0943850904 $eDDC23BSB 
045F/01 $a306.09 
045F/03 $f0904 
045F/03 $g4385 
045F/03 $g438 

lok: 53394678 78

exp: 53394678 78 1 #EPN
201B/01 $029-09-25 $t15:54:20.000 
201C/01 $029-09-25 
201U/01 $0utf8 
203@/01 $01318432308 
208@/01 $a29-09-25 $be 
209A/01 $a/ $f000 $x00 
209A/01 $ab*p $x01 
209A/01 $aPolnische Zusammenfassung, S. $x03 
220C/01 $apgar 
244Z/01 $#Generalgouvernement Polen $#Polska $#Rzeczpospolita Polska $#Polska Rzeczpospolita Ludowa $#Poland $#Pologne $#République Polonaise $#Generalne Gubernatorstwo w Polsce $#Polish People's Republic $#Polska Rzeczpospolita Polen $#PRL $#RP $#Polen Generalgouvernement $#Polska Generalgouvernement $#Besetzte Polnische Gebiete $#Besetztes Gebiet in Polen $#Okupowane Polskie Obszary $#Obszary Okupowane w Polsce $#Volksrepublik Polen $#Polska Rosyjska $#Republic Polen $#Respublika Pol'ša $#Pol'skaja Narodnaja Respublika $#République de Pologne $#Polen Links der Weichsel $#Polska po Lewej Stronie Wisły $#Lenkija $#Polija $#Gubernija Carstva Pol'skago $#Republik Polen $74046496-9 $8--Tg1--Polen $x01 $9085129801 
244Z/01 $#Schlesien $#Schlesien $#Herzogtum Schlesien $#Herzogtum Schlesien Schlesien $#Provinz Schlesien $#Śla̜sk $#Slezsko $#Silesia $74052678-1 $8--Tg1--Schlesien $x02 $9085146781 
247C/01 $82080>Marburg/Lahn, Herder-Institut, Forschungsbibliothek, Bibliographieportal $9336309341
LEADER 00000naa a2200000 c 4500
001 533946786
003 DE-603
005 20250929155459.0
007 tu
008 250929s2020 xx |||| | u00||u|ger c
035 |a (DE-599)HEB533946786 
040 |a DE-603  |b ger  |c DE-603  |d DE-603  |e rda 
041 |a ger 
082 0 4 |8 1\u  |a 306.0943850904  |q DE-101  |2 23/BSB 
085 |8 1\u  |b 306.09 
085 |8 1\u  |z 1  |s 0904 
085 |8 1\u  |z 2  |s 4385 
085 |8 1\u  |z 2  |s 438 
100 1 |a Schiller, Gerhard  |d 1969-  |e Verfasser  |4 aut  |0 (DE-603)446958204  |0 (DE-588)1181910870  |2 gnd 
245 0 0 |a Lebensläufe kulturschaffender Personen aus den ehemaligen polnischen Ostgebieten, die seit 1945 in Schlesien ein neues Lebensumfeld fanden  |c von Gerhard Schiller 
264 0 |c 2020 
300 |b Illustrationen 
336 |a Text  |b txt  |2 rdacontent 
337 |a ohne Hilfsmittel zu benutzen  |b n  |2 rdamedia 
338 |a Band  |b nc  |2 rdacarrier 
650 7 |a Kulturschaffender  |0 (DE-588)1217352384  |0 (DE-603)469061898  |2 gnd 
650 7 |a Soziale Integration  |0 (DE-588)4077570-7  |0 (DE-603)085219835  |2 gnd 
651 7 |a Polnische Ostgebiete  |0 (DE-588)4238028-5  |0 (DE-603)086247123  |2 gnd 
651 7 |a Schlesien  |0 (DE-588)4052678-1  |0 (DE-603)085146781  |2 gnd 
773 0 8 |i Enthalten in  |t Jahrbuch für schlesische Kultur und Geschichte  |d Würzburg : Stiftung Kulturwerk Schlesien, 2015-  |h 22 cm  |x 2365-2667  |g Band 57/58 (2016/2017 [2020]), Seite 305-420  |w (DE-603)360247156  |w (DE-600)2824649-4 
924 0 |9 2080  |a (DE-603)1318432308  |b DE-2080  |c HES  |d d  |g /